000 00374nam a22001337a 4500
020 _qPB.
040 _cFIZZA ISHAQ
082 _a649.64
_bLEE
100 _aCANTER,LEE.
_9133350
245 _aASSERTIVE DISCIPLINE A TAKE CHARGE APPROACH FOR TODAY,S EDUCATOR /
_cLEE CANTER.
260 _aNEW YORK ;
_bLOS ANGELES ,
_c1976.
300 _a191 P. ;
_c8.1X5.1IN
942 _2ddc
_cBK
999 _c616320
_d616320